| 000 | 00378nam a2200109Ia 4500 | ||
|---|---|---|---|
| 008 | 171204s9999 xx 000 0 und d | ||
| 245 | _aManaging Quality: An Essential Guide and Resource Gateway | ||
| 245 | _cBarrie G. Dale, David Bamford, and Ton van der Wiele | ||
| 260 | _c2016 | ||
| 650 | _xTotal Quality Management | ||
| 856 | _uhttp://down.ebook777.com/044/9781119130925.pdf | ||
| 999 |
_c346713 _d346713 |
||